An introduction to ornithology / (Record no. 12369)
[ view plain ]
| 000 -LEADER | |
|---|---|
| fixed length control field | 00688cam a2200241 a 4500 |
| 001 - CONTROL NUMBER | |
| control field | 12369 |
| 003 - CONTROL NUMBER IDENTIFIER | |
| rucl marc code | BD-RjUL |
| 005 - DATE AND TIME OF LATEST TRANSACTION | |
| control field | 20211208235300.0 |
| 008 - FIXED-LENGTH DATA ELEMENTS--GENERAL INFORMATION | |
| fixed length control field | 140128s1963 nyu 001 0 eng u |
| 035 ## - SYSTEM CONTROL NUMBER | |
| System control number | (OCoLC)ocm00880903 |
| -- | (BD-RjUL)12418 |
| 040 ## - CATALOGING SOURCE | |
| Transcribing agency | WIT |
| Modifying agency | CHS |
| -- | SER |
| -- | BD-RjUL |
| Original cataloging agency | BD-RjUL |
| Language of cataloging | eng |
| 041 ## - LANGUAGE CODE | |
| Language code of text/sound track or separate title | eng |
| 082 ## - DEWEY DECIMAL CLASSIFICATION NUMBER | |
| Classification number | 598.2 |
| Author mark and year | WAI 1963 |
| 100 1# - MAIN ENTRY--PERSONAL NAME | |
| Personal name | Wallace, George John, |
| Dates associated with a name | 1906- |
| 9 (RLIN) | 38244 |
| 245 13 - TITLE STATEMENT | |
| Title | An introduction to ornithology / |
| Statement of responsibility, etc. | George J. Wallace. |
| 250 ## - EDITION STATEMENT | |
| Edition statement | 2nd ed. |
| 260 ## - PUBLICATION, DISTRIBUTION, ETC. (IMPRINT) | |
| Place of publication, distribution, etc. | New York : |
| Name of publisher, distributor, etc. | Macmillan, |
| Date of publication, distribution, etc. | c1963. |
| 300 ## - PHYSICAL DESCRIPTION | |
| Pagination | xii, 491 p. : |
| Illustrations | ill. ; |
| Size | 24 cm. |
| 504 ## - BIBLIOGRAPHY, ETC. NOTE | |
| Bibliography, etc | Includes Index. |
| 650 #0 - SUBJECT ADDED ENTRY--TOPICAL TERM | |
| Topical term or geographic name as entry element | Ornithology. |
| 9 (RLIN) | 38181 |
| 942 ## - ADDED ENTRY ELEMENTS (KOHA) | |
| Source of classification or shelving scheme | Dewey Decimal Classification |
| Koha item type | Books |
| Lost status | Source of classification or shelving scheme | Damaged status | Not for loan | Collection code | Permanent Location | Current Location | Shelving location | Date acquired | Source of acquisition | Cost, normal purchase price | Total Checkouts | Full call number | Date last seen | Copy number | Koha item type | Coded location qualifier |
|---|---|---|---|---|---|---|---|---|---|---|---|---|---|---|---|---|
| Dewey Decimal Classification | Non-fiction | Central Library, University of Rajshahi | Central Library, University of Rajshahi | 15/10/1973 | EURO Bangladesh news agency | 99.00 | 598.2 WAI 1963 | 28/01/2014 | C-5 | Books | ||||||
| Dewey Decimal Classification | Not For Loan | Non-fiction | Central Library, University of Rajshahi | Central Library, University of Rajshahi | Reading Room | 06/12/1967 | Paramount Book | 8.50 | 598.2 WAI 1963 | 03/04/2017 | C-1 | Books | ||||
| Dewey Decimal Classification | Non-fiction | Central Library, University of Rajshahi | Central Library, University of Rajshahi | 17/07/1970 | Swets & zeitlinger | 598.2 WAI 1963 | 03/12/2018 | C-2 | Books | 0.84.0 | ||||||
| Dewey Decimal Classification | Non-fiction | Central Library, University of Rajshahi | Central Library, University of Rajshahi | 06/02/1970 | Swets & zeitlinger | 0.84 | 598.2 WAI 1963 | 05/12/2018 | C-3 | Books |